LEADER 01333nam0 2200325 450 001 000027890 005 20100908153252.0 100 $a20100826d1964----km-y0itaa50------ba 101 1 $afre 102 $aFR 200 1 $aLeçons pour une phénoménologie de la conscience intime du temps$fEdmund Husserl$gtraduit de l'allemand par Henri Dussort$gpréface de Gérard Granel 210 $aParis$cPresses universitaires de France$d1964 215 $aXII, 204 p.$d20 cm 225 2 $aÉpiméthée$iEssais philosophiques 410 0$12001$aÉpiméthée$iEssais philosophiques 606 1 $aTempo$xFilosofia 676 $a115$v(21. ed.)$9Metafisica. Tempo 676 $a193$v(21. ed.)$9Filosofia occidentale moderna. Germania e Austria 700 1$aHusserl,$bEdmund$f<1859-1938>$035554 702 1$aDussort,$bHenri 702 1$aGranel,$bGérard 801 0$aIT$bUniversità della Basilicata - B.I.A.$gRICA$2unimarc 912 $a000027890 996 $aLeçons pour une phénoménologie de la conscience intime du temps$91528780 997 $aUNIBAS BAS $aLETTERE CAT $aTTM$b30$c20100826$lBAS01$h1301 CAT $aTTM$b30$c20100908$lBAS01$h1532 FMT Z30 -1$lBAS01$LBAS01$mBOOK$1BASA1$APolo Storico-Umanistico$2FMAS$BFondo Masini$3FMas/817/3611$6817/3611$5B817/3611$820100826$f04$FPrestabile Didattica